Ďaleko a blízko za poznaním

Bibliographic Details
Main Author: Sviteková, Angela (Author)
Format: Article
Language:Slovak
PhysicalDescription:2 foto
Subjects:

MARC

LEADER 00000nab a2200000 a 4500
001 vtls001015206
003 SK-MaSNL
005 20260426074120.0
008 040720e19940809xo 0 slo
035 |a SN1159 
040 |a SNSK  |b slo  |c SNSK  |e AACR2 
041 0 |a slo 
044 |a xo  |c SK 
080 |a 327(437.678)  |2 1981 
100 1 |a Sviteková, Angela  |4 aut  |9 841455 
245 1 0 |a Ďaleko a blízko za poznaním 
300 |b 2 foto 
650 0 7 |a návštevy zahraničné  |2 SNSK  |9 873759 
650 0 7 |a informácie  |2 SNSK  |9 1285 
651 7 |a Slovensko  |2 SNSK  |9 14231 
651 7 |a Spojené štáty americké  |2 SNSK  |9 18262 
651 7 |a SN,  |2 SNSK  |9 1021277 
655 7 |a periodikum  |2 snkbucl  |9 29553 
773 0 8 |t Nové Spišské hlasy  |g Roč. 4, č.32, 9.8.1994, s. 2 
852 |a ZVYKNI  |b KIS3GCP 
999 |c 2725721  |d 2727651